| 000 | 01453nam0a2200349 4500 | ||
|---|---|---|---|
| 001 | RU\NLR\bibl\740409 | ||
| 005 | 20250614002819.0 | ||
| 010 |
_a5-17-020867-7 _bООО "Изд-во АСТ" |
||
| 010 |
_a5-9577-0993-X _bЗАО НПП "Ермак" _95000 |
||
| 021 |
_aRU _b2004-62041 _93049 |
||
| 035 | _aRSL-KNO-002485647 | ||
| 035 | _a(NLR Aleph) 000730300 | ||
| 090 |
_a758361 _c758361 |
||
| 100 | _a20041008d2004 |||y0rusy50 ca | ||
| 101 | 1 |
_arus _ceng |
|
| 102 | _aRU | ||
| 105 | _ay ||||||||| | ||
| 106 | _ar | ||
| 200 | 1 |
_aПогнали _e[роман] _fРичард Хелл _g[Пер. с англ. Т. Ю. Покидаевой] |
|
| 210 |
_aМ. _cАСТ _cЕрмак _d2004 _gОАО Рыбин. Дом печати |
||
| 215 |
_a254 с. _d21 |
||
| 225 | 1 | _aАльтернатива | |
| 610 | 0 | _aФилологические науки. Художественная литература -- США -- Американская литература -- с 1945 г. -- Произведения художественной литературы -- Художественная проза -- Романы. Повести. Рассказы | |
| 686 |
_aШ5(7США)62-644 _2rubbk |
||
| 686 | _aШ6(7США)67-440.4{Лх1979-50} | ||
| 700 | 1 |
_aХелл _bР. _gРичард _4070 |
|
| 801 | 0 |
_aRU _bRuMoRKP _c20041008 _grcr |
|
| 801 | 1 |
_aRU _bRuMoRGB _c20041008 |
|
| 801 | 2 |
_aRU _bNLR _c20050326 _gPSBO |
|
| 942 | _cBOOK | ||
| 980 | _aNB | ||